| 000 | 00653nam a2200229 i 4500 | ||
|---|---|---|---|
| 001 | bg | ||
| 100 | 1 | _aBrucker, Peter. | |
| 245 | 1 | 0 |
_aScheduling algorithms / _cPeter Brucker. |
| 250 | _a5th ed. | ||
| 260 |
_aBerlin [etc.] : _bSpringer, _ccop. 2007. |
||
| 300 |
_aXII, 371 s. : _bil. ; _c24 cm. |
||
| 650 | 9 | _aAlgorytmy | |
| 020 | _a9783540695158 | ||
| 040 | _cBPK | ||
| 041 | _apol | ||
| 044 | _aGBR | ||
| 080 | _a004.021:510.5 | ||
| 920 | _a978-3-540-69515-8 | ||
| 942 | _cKS | ||
| 008 | s pl f |000 0 pol | ||
| 999 |
_c56287 _d56287 |
||
| 856 |
_uhttp://koha.tu.koszalin.pl/cgi-bin/koha/opac-detail.pl?biblionumber=56287 _yKatalog online BPK |
||